[Event "Europe Echecs Blitz May op"]
[Site "Europe Echecs INT"]
[Date "2021.05.09"]
[Round "8"]
[White "Schippke, Manon"]
[Black "Moussous, Mohamed"]
[Result "1-0"]
[WhiteElo "1904"]
[BlackElo "1590"]
[PlyCount "23"]
[EventDate "2021.05.09"]
[EventType "swiss (blitz)"]
[EventRounds "11"]
[EventCountry "FRA"]
[SourceTitle "CBM 202 Extra"]
[Source "ChessBase"]
[SourceDate "2021.07.31"]
[SourceVersion "1"]
[SourceVersionDate "2021.07.31"]
[SourceQuality "1"]

1. e4 e5 2. Nf3 Nf6 3. Nxe5 Qe7 4. d4 d6 5. Nf3 Qxe4+ 6. Be2 Nc6 7. 0-0 Nxd4 8. Nxd4 Be7 9. Bf3 Qg6 10. Re1 c5 11. Nb5 Kd7 12. Rxe7+ 1-0